LEADER 01089nam a2200241 a 4500 001 000000122756 003 CaOOAMICUS 005 20100826085657.0 008 100826s1993 it a u000 u ita r 040 $aPUL$bita$dReb 082 04$a945.43 100 1 $aBalletti, Andrea.$0(OLS)http://pul/name/77124 245 10$aStoria di Reggio nell'Emilia :$bcompletata da un indice analitico dei nomi /$cAndrea Balletti. 260 $aRoma :$bBonsignori Editore,$c1993. 300 $axxi, 770 p. ;$c24 cm. 504 $aInclude riferimenti bibliografici ed indice. 651 4$aReggio Emilia$xStoria.$0(OLS)http://pul/subject/16020 850 $aPUL 852 $aPUL$W1$xDP2 Filosofia 3$y112$m945. 43 BALAN 1$j140989$aRistampa anastatica del 1925$qDDC 21$B140069$CPULBib$Z2$F140069 $H114610 $82 941 1 $a9 996 $6082$a945.43$9(OLS)http://pul/classification/683 996 $6245$aStoria di Reggio nell'Emilia :$bcompletata da un indice analitico dei nomi$9(OLS)http://pul/title/154729 996 $6260$aRoma :$bBonsignori Editore$9(OLS)http://pul/publisher/81376 LEADER 01294nam a2200253 u 4500 001 000000072940 003 CaOOAMICUS 005 20070226122309.0 008 020625s1934 fr u000 u fre u 035 $a10934652 040 $aPUL(R)$bita 110 1 $aItalia.$0(OLS)http://pul/name/1188 240 10$aCodice di procedura penale$9(Italia).$0(OLS)http://pul/title/69944 245 10$aCode de procédure pénale du royaume d'Italie :$bpublié le 19 octobre 1930, mis en vigueur le 1er juillet 1931 /$ctraduit par le commandant Laguerre ... et Joseph Magnol ... ; précéde d'une introduction par Pierre de Casabianca .. 260 $aParis :$bImprimerie Nationale,$c1934. 300 $alvi, 395 p. ;$c24 cm 650 4$aProcedura penale$zItalia.$0(OLS)http://pul/subject/12686 700 1 $aMagnol, Joseph.$0(OLS)http://pul/name/48294 850 $aPUL 852 $aPUL$W1$xDP1 Cons. Gen., Altre Classi 1$y22$m829 C 9$j94317$nBK-PRI$b $qStampati$B94317$CPULBib$Z2$F94317 $H $81 941 1 $a8 961 $aINV: 6609 996 $6245$aCode de procédure pénale du royaume d'Italie :$bpublié le 19 octobre 1930, mis en vigueur le 1er juillet 1931$9(OLS)http://pul/title/95933 996 $6260$aParis :$bImprimerie Nationale$9(OLS)http://pul/publisher/60308